Quick guide to cardiopulmonary care/ (Record no. 48513)
[ view plain ]
| 000 -LEADER | |
|---|---|
| fixed length control field | 00475cam a2200145 4500 |
| 008 - FIXED-LENGTH DATA ELEMENTS--GENERAL INFORMATION | |
| fixed length control field | 101208n 000 0 eng u |
| 035 ## - SYSTEM CONTROL NUMBER | |
| System control number | (Sirsi) a172087 |
| 050 ## - LIBRARY OF CONGRESS CALL NUMBER | |
| Classification number | RA 645 QUI 2002 |
| 245 ## - TITLE STATEMENT | |
| Title | Quick guide to cardiopulmonary care/ |
| Statement of responsibility, etc. | edited by Peter R. Lichtenthal. |
| 260 ## - PUBLICATION, DISTRIBUTION, ETC. | |
| Place of publication, distribution, etc. | Ontario: |
| Name of publisher, distributor, etc. | Edwards Lifesciences, |
| Date of publication, distribution, etc. | 2002. |
| 300 ## - PHYSICAL DESCRIPTION | |
| Extent | iv, 115p.: |
| Other physical details | ill. |
| 504 ## - BIBLIOGRAPHY, ETC. NOTE | |
| Bibliography, etc. note | Includes bibliographical references. |
| 650 ## - SUBJECT ADDED ENTRY--TOPICAL TERM | |
| Topical term or geographic name entry element | Cardiopulmonary care. |
| 700 ## - ADDED ENTRY--PERSONAL NAME | |
| Personal name | Lichtenthal R, Peter. |
No items available.